000 00321nam a2200133Ia 4500
005 20251222144922.0
008 251222s9999||||xx |||||||||||||| ||spa||
020 _a84-285-1366-X
082 _a268.4/E63
100 _aEnomiya Lassalle, Hugo M.
245 0 _aZen y Mística Cristiana
264 _bPaulinas
942 _cLIB
999 _c22739
_d22739